ბათუმის შოთა რუსთაველის სახელმწიფო უნივერსიტეტის ბიბლიოთეკა

A companion to Cultural Resourse Management (ბიბ.ჩანაწერი № 45435)

000 -LEADER
fixed length control field 00464nam a2200193Ia 4500
001 - CONTROL NUMBER
control field 12259
003 - CONTROL NUMBER IDENTIFIER
control field GE_BSU
008 - FIXED-LENGTH DATA ELEMENTS--GENERAL INFORMATION
fixed length control field 181216s||||||||xx |||||||||||||| ||und||
040 ## - CATALOGING SOURCE
Transcribing agency GE_BSU
080 ## - UNIVERSAL DECIMAL CLASSIFICATION NUMBER
Universal Decimal Classification number 351.85
245 #2 - TITLE STATEMENT
Title A companion to Cultural Resourse Management
245 ## - TITLE STATEMENT
Statement of responsibility, etc. Edited byThomas F.King
260 ## - PUBLICATION, DISTRIBUTION, ETC.
Place of publication, distribution, etc. Oxford
260 ## - PUBLICATION, DISTRIBUTION, ETC.
Date of publication, distribution, etc. 2011
300 ## - PHYSICAL DESCRIPTION
Extent 579p.25cm.
653 ## - INDEX TERM--UNCONTROLLED
Uncontrolled term A companion to Cultural Resourse Management
942 ## - ADDED ENTRY ELEMENTS (KOHA)
Koha item type წიგნი
ეგზემპლარები
Withdrawn status Lost status Damaged status Not for loan Date acquired Barcode Date last seen Price effective from Koha item type
        2018-12-17 36176 2018-12-17 2018-12-17 წიგნი